00355nam a2200121 a 4500008004100000050001500041100001900056245004200075250001200117260006300129350000900192650003200201120416s2004 ||||||||||||||||| || u aHC 915 Zam aWalubita, Keli10aZambia at 40cedited by Keli Walubita a9th ed. aNew DelhibZambia High Commission, New Delhi (India)c2004 a0.00 aZAMBIA--ECONOMIC CONDITIONS